| 000 | 00732nam a2200217Ia 4500 | ||
|---|---|---|---|
| 001 | 10997 | ||
| 003 | GE_BSU | ||
| 008 | 181216s||||||||xx |||||||||||||| ||und|| | ||
| 040 | _cGE_BSU | ||
| 080 | _a031(=161.1) | ||
| 245 | _aЭнциклопедический словарь | ||
| 245 | _bТ.XIV:Калака-Кардамь. | ||
| 245 | _cПодь Ред: К.К. Арсеньева,О.О. Петрушевскаго. | ||
| 260 | _aС.-Петербургь | ||
| 260 | _bТипо-Литография И.А.Ефрона. | ||
| 260 | _c1895. | ||
| 300 | _a480стр,илл,25см. | ||
| 520 | _aИзд: Ф.А.Брокгаузь,И.А.Ефронь. | ||
| 653 | _aЭнциклопедический словарь | ||
| 942 | _cBK | ||
| 999 |
_c44239 _d44239 |
||